Регионална библиотека "Любен Каравелов" - Русе

Проза (Запис номер 82440)

MARC детайли
000 -Лидер
Контролно поле с фиксирана дължина 01051nam a2200301 c 4500
003 - Код на организацията, давaща контролен номер
Контролно поле BLK
005 - Дата и час на последна редакция
Контролно поле 20231202143548.0
008 - Елементи от данни с фиксирана дължина
fixed length control field 180408b bul|||||r ||||||| ||bul||
010 ## - Наследен системен номер
LC control number KNG00086971000
040 ## - Източник на каталожния запис
Идентификатор на билиотеката - собственик на записа BLK
041 ## - Код за език
Код за езика на текст/звукозапис или на отделно заглавие Български
Код за езика КДБФ Български
080 ## - УДК
Текстов определител УДК Руска литература
УДК код - определител по УДК 821.161.1
УДК определител -32
УДК - код + определител 821.161.1-32
100 ## - Редна дума - Автор
Автор Пушкин, Александър Сергеевич
Дати, свързани с автора 1799-1837
R(LIN) 364559
139 ## - Редно поле
Редна дума Пушкин, Александър Сергеевич
Авторски знак Пуш - П 94
245 10 - Сведения за заглавието
Заглавие Проза
Редно поле (дума) Александър Сергеевич Пушкин.
257 ## - Страна на издаване
Страна на създаване/издаване Русия
260 ## - Област на издателските данни
-- Москва ; София
Име на издателя, разпространителя и проч. Прогресс
-- Нар. култура
Година на издаване 1978
300 ## - Физическа характеристика
Страници 359 с.
Илюстрации и др. с ил.
Размери/Мащаб 21 см
380 ## - Жанр
Жанр Худож. лит.
490 1# - СЕРИИ (Колекции)
Име на серия Руска и съветска класика
500 ## - Общи забележки
Забележка Ориг. загл. Проза / Александр Пушкин.
852 ## - Местоположение
Форматна сигнатура Цб 174606
856 4# - Електронен адрес и достъп
Електронен формат pdf - файл
Път до файла /url/
856 4# - Електронен адрес и достъп
Електронен формат pdf - файл
Път до файла /url/
942 ## - АРТИКУЛИ
Вид на библиотечния материал Книги
Скрит в OPAC Не
Koha issues (borrowed), all copies 1
944 ## - СЪЗДАВАНЕ И РЕДАКЦИЯ на ЗАПИСА
Създаване/Редакция Създаване
Дата на регистрацията/редакция 19.12.2008
Служител, извършил регистрацията/редакцията 30576
Статус, дата на статуса Цветомила Тодорова
944 ## - СЪЗДАВАНЕ И РЕДАКЦИЯ на ЗАПИСА
Създаване/Редакция Редакция
Дата на регистрацията/редакция 12.01.2009
Служител, извършил регистрацията/редакцията
999 ## - СИСТЕМНИ КОНТРОЛНИ НОМЕРА
Koha biblionumber 82440
Koha biblioitemnumber 82440
Наличности
Код за отписване Код за изгубен артикул Код за повреда Коз за рестрикции Код за отдаване Артикулен № Име на библиотеката - собственик Име на библиотеката, в която се намира в момента Статус (Текущо местоположение) Дата на вписване в системата Местоположение - отдел Цена в лева Инвентарен номер Систематично азбучна сигнатура Баркод Номер на екземпляра Цена в евро Служебна бележка Служебен тип на артикула Източник на класификационната схема
  Не е изгубен Не е повреден без рестрикции заемане за дома 134119 Регионална библиотека "Любен Каравелов" Русе Регионална библиотека "Любен Каравелов" Русе Заемна - подръчен фонд 2008-12-19 Заемна - подръчен фонд 2.10 120000732292 П 882-32/П 94 120000732292 1 1.07 Дост: Ak Вид: Г N: 15 Дата: 19.12.2008 Дата инв: 09.02.2018 Бележки инв: П2018 Книги  
Изтеглен Не е изгубен Не е повреден без рестрикции заемане за дома 134120 Регионална библиотека "Любен Каравелов" Русе Регионална библиотека "Любен Каравелов" Русе Заемна - подръчен фонд 1978-01-01 Заемна - подръчен фонд 2.10 586753 П 882-32/П 94 586753 2 1.07 Дост: Pk Вид: Ф N: стар фонд Дата: 01.01.1978 Дата инв: 09.02.2018 Бележки инв: П2018 Книги Universal Decimal Classification
  Не е изгубен Не е повреден без рестрикции заемане за дома 134121 Регионална библиотека "Любен Каравелов" Русе Регионална библиотека "Любен Каравелов" Русе Заемна - подръчен фонд 1978-01-01 Заемна - подръчен фонд 6.00 661461 П 882-32/П 94 120000661461 3 3.07 Дост: Pk Вид: Ф N: стар фонд Дата: 01.01.1978 Дата инв: 09.02.2018 Бележки инв: П2018 Книги Universal Decimal Classification
Vip Innovations Ltd, Rousse, Bulgaria 2025